000
00265nam a2200097Ia 4500
001
644448
005
20250826153605.0
008
250824s9999 xx 000 0 und d
245
0
_a
Kayaçlar Hakkında Hemen Hemen Her Şey
_c
Gerry Bailey
260
_b
TÜBİTAK YAYINLARI
999
_c
644448
_d
644448